000 00342 a2200145 4500
999 _c13686
_d13686
003 OSt
005 20260411115623.0
008 260411b ||||| |||| 00| 0 eng d
020 _a9789881296757
082 _a711.4
100 _a Tiago Do Vale
245 _aUrban Complex
260 _bDesign Media Publishing Limited;
_c2014
942 _2ddc